000 00766nam a2200205Ii 4500
003 JO-AjNU
008 230605s9999||||xx |||||||||||||| ||und||
040 _aJO-AjNU
_bara
_erda
_cJO-AjNU
041 _aara
050 1 4 _aDT108 1972
100 3 _aتاليف عبد الرحمن، محمد فوزي مصطفى,
_eauthor
_914227
245 0 0 _aالثقافة العربية واثرها في تماسك الوحدة القومية في السودان المعاصر
250 _aط1
264 3 1 _aالخرطوم: الدار السودانية، 1972
300 _a256ص
336 _atext
_btxt
_2rdacontent
337 _aunmediated
_bn
_2rdamedia
338 _avolume
_bnc
_2rdacarrier
650 4 _aالثقافة العربية - السودان -تاريخ
_914228
999 _aA3744
_c7312
_d7312